MARC

LEADER 00000nam0a2200000 4500
001 127097
005 20231031132111.0
035 |a (RuTPU)RU\TPU\book\137481 
090 |a 127097 
100 |a 20071208d1964 k y0rusy50 ca 
101 0 |a rus 
102 |a RU 
105 |a a z 001zy 
200 1 |a Стеклопластики  |e производство и применение  |f А. Г. Сорочишин  |g Всесоюзный научно-исследовательский институт новых строительных материалов 
205 |a 2-е изд., перераб. и доп. 
210 |a Москва  |c Стройиздат  |d 1964 
215 |a 251 с.  |c ил. 
320 |a Библиогр.: с. 248-249. 
610 1 |a стеклопластики 
610 1 |a производство 
610 1 |a применение 
610 1 |a материалы 
610 1 |a сырьевые материалы 
610 1 |a изготовление 
610 1 |a конструкции 
610 1 |a физико-технические свойства 
610 1 |a строительство 
675 |a 679.5  |v 3 
675 |a 624.91.17  |v 3 
700 1 |a Сорочишин  |b А. Г.  |g Александр Григорьевич 
712 0 2 |a Всесоюзный научно-исследовательский институт новых строительных материалов  |2 stltpush  |3 (RuTPU)RU\TPU\col\8464 
801 1 |a RU  |b 63413507  |c 20071208  |g PSBO 
801 2 |a RU  |b 63413507  |c 20130527  |g PSBO 
942 |c BK